Statystyki dla Naciśnij na Prawidłowy Miesiąc

Kliknij tutaj aby rozwiązać quiz!

Ogólne statystyki

  • Ten quiz został rozwiązany 44 razy
  • Średni wynik to 6 z 24

Statystyki odpowiedzi

HintOdpowiedź% Poprawnych
Kiedy nadchodzi Boże Narodzenie12. Grudzień
83%
W tym miesiącu nadchodzi drugi Dzień świąt12. Grudzień
75%
W tym miesiącu jest obchodzony dzień kobiet3. Marzec
58%
Nazwa książki Toma Clancyego: „Polowanie na czerwonego _______”10. Październik
42%
Jakiego Miesiąca w Rosji obchodzone jest Boże Narodzenie?1.Styczeń
33%
Miesiąc na który najczęśćiej przypada Wielkanoc4. Kwiecień
33%
Przedostatniego dnia tego miesiąca świętujemy Boże Ciało5. Maj
33%
Ten miesąc zawiera najdłuższy dzień w roku na półkuli północnej6. Czerwiec
33%
W tym miesiącu najcześćiej jest obchodzony Chiński Nowy Rok2. Luty
25%
Tego miesiąca świętujemy Dzień Ziemi4.Kwiecień
25%
Jeżeli przeczytasz ten miesiąc od tyłu na angielskim to wyjdzie słowo wymawiane przez
ciebie kiedy zjesz coś , co ci się spodoba
5. Maj
25%
Kiedy ogłoszono zawieszenie broni podczas I wojny światowej11. Listopad
17%
W tym miesiącu odbędą się następne wybory prezydenckie w USA11. Listopad
17%
W tym miesiącu alianci najechali Normandię w 1944 r6. Czerwiec
17%
To ostatni miesiąc ferij letnich8. Śierpień
17%
Nazwatego miesiąca pochodzi od łacińskiego słowa „ósmy miesiąc”
10. Październik
8%
Ten miesiąc jest pierwszy w roku1. Styczeń
8%
W tym miesiącu rewolucjonerzy w Francji wzieli Bastylie pod czas "Rewolucji Francuzkiej"7. Lipiec
8%
Osoba urodzona w tym miesiącu może być za znakiem zodiaku Lwem lub Panną8. Sierpień
8%
Nazwa piosenki od grupy Green Day: „Obudź mnie, kiedy _______ się skończy”9. Wrzesień
8%
Jedyny miesiąc, w którym nigdy nie ma niebieskiego księżyca2.Luty
0%
W tym miesiącu umarł Juliusz Cezar3. March
0%
Ten miesiąc jest w średnim najzimniejszy miesiąc w Australii7.Lipiec
0%
W tym miesiącu zaczyna się Oktoberfest9.Wrzesień
0%

Rozkład punktacji

Percentyl według liczby udzielonych odpowiedzi

Procent ludzi z każdym wynikiem

Twoja historia wyników

Nie rozwiązałeś tego quizu